| 000 | 00727aam a2200289 4500 | ||
|---|---|---|---|
| 005 | 20231010134455.0 | ||
| 008 | 150611b xxu||||| |||| 00| 0 spa d | ||
| 020 | _a9786074007381 | ||
| 041 | _aspa | ||
| 082 | _a155.23 R627s | ||
| 100 |
_aRiso, Walter _911481 |
||
| 245 | _aSabiduría emocional | ||
| 260 | _aMéxico | ||
| 260 | _bOcéano | ||
| 260 | _c2012 | ||
| 300 | _a117 páginas | ||
| 650 | _aSUPERACIÓN PERSONAL | ||
| 650 | _aPSICOLOGÍA APLICADA | ||
| 650 | _aINTELIGENCIA EMOCIONAL | ||
| 650 | _aPERSONALIDAD | ||
| 650 | _aETIQUETAMIENTO | ||
| 650 | _aDEPRESIÓN | ||
| 650 | _aMIEDO | ||
| 650 | _aANSIEDAD | ||
| 650 | _aRESIGNACIÓN | ||
| 942 |
_cLIT _2ddc |
||
| 999 |
_c1294 _d1294 |
||